Сбраживание на этиловый спирт упаренных сульфитных щелоков; Сборник трудов Государственного научно-исследовательского института гидролизной и сульфитно-спиртовой промышленности (НИИГС); Том 12

Bibliographic Details
Parent link:Сборник трудов Государственного научно-исследовательского института гидролизной и сульфитно-спиртовой промышленности (НИИГС)/ Государственный научно-исследовательский институт гидролизной и сульфитно-спиртовой промышленности (НИИГС).— , 1964
Том 12.— 1964.— С. 208-215
Main Author: Калюжный М. Я.
Language:Russian
Published: 1964
Series:Переработка сульфитных щелоков
Format: Book Chapter
KOHA link:https://koha.lib.tpu.ru/cgi-bin/koha/opac-detail.pl?biblionumber=195471

MARC

LEADER 00000naa2a2200000 4500
001 195471
005 20231031182841.0
035 |a (RuTPU)RU\TPU\book\213250 
035 |a RU\TPU\book\213247 
090 |a 195471 
100 |a 20110510d1964 k y0rusy50 ca 
101 0 |a rus 
102 |a RU 
200 1 |a Сбраживание на этиловый спирт упаренных сульфитных щелоков  |f М. Я. Калюжный 
225 1 |a Переработка сульфитных щелоков 
320 |a Библиогр.: с. 215 (2 назв.) 
461 0 |0 (RuTPU)RU\TPU\book\213161  |t Сборник трудов Государственного научно-исследовательского института гидролизной и сульфитно-спиртовой промышленности (НИИГС)  |f Государственный научно-исследовательский институт гидролизной и сульфитно-спиртовой промышленности (НИИГС)  |d 1964 
463 0 |0 (RuTPU)RU\TPU\book\213162  |t Том 12  |f под ред. А. И. Козлова  |v С. 208-215  |d 1964  |p 255 с. 
700 1 |a Калюжный  |b М. Я. 
801 1 |a RU  |b 63413507  |c 20110510 
801 2 |a RU  |b 63413507  |c 20111012  |g RCR 
942 |c BK